Sports Quiz

Random Sports or MLB Quiz

MLB Cy Young and MVP Winning Teammates Quiz Stats

 Plays Quiz Updated Nov 13, 2018

Challenge
Share
Tweet
Embed
Score 0/38 Timer 07:00
7 Plays Today
Team Players % Correct
2013 TigersMiguel Cabrera
95.5%
2005 CardinalsAlbert Pujols
94.8%
2005 CardinalsChris Carpenter
87.7%
2006 TwinsJohan Santana
86.8%
2006 TwinsJustin Morneau
82.4%
2013 TigersMax Scherzer
81.5%
2002 A'sBarry Zito
78.4%
1991 BravesTom Glavine
75.9%
1993 White SoxFrank Thomas
74.4%
1990 PiratesBarry Bonds
65.4%
1980 PhilliesMike Schmidt
65.3%
1961 YankeesRoger Maris
64.6%
2002 A'sMiguel Tejada
61.1%
1982 BrewersRobin Yount
59.8%
1988 DodgersKirk Gibson
59.7%
1957 BravesHank Aaron
56.9%
1984 CubsRyne Sandberg
55.7%
1967 Red SoxCarl Yastrzemski
54.7%
1961 YankeesWhitey Ford
51.5%
Team Players % Correct
1980 PhilliesSteve Carlton
49.3%
1988 DodgersOrel Hershiser
45.1%
1990 A'sRickey Henderson
44.9%
1962 DodgersDon Drysdale
42.3%
1991 BravesTerry Pendleton
41.4%
1993 White SoxJack McDowell
40.3%
1990 PiratesDoug Drabek
37.5%
1957 BravesWarren Spahn
36.1%
1984 CubsRick Sutcliffe
31.6%
1974 DodgersSteve Garvey
29.8%
1990 A'sBob Welch
29.1%
1959 White SoxNellie Fox
20.1%
1962 DodgersMaury Wills
19.5%
1967 Red SoxJim Lonborg
15.6%
1982 BrewersPete Vuckovich
15.6%
1974 DodgersMike Marshall
15.4%
1960 PiratesDick Groat
12.7%
1959 White SoxEarly Wynn
9.3%
1960 PiratesVern Law
8.5%

You're not logged in!

Compare scores with friends on all Sporcle quizzes.
OR
Log In

You Might Also Like...

Show Comments

Extras

Top Quizzes Today


Score Distribution

Your Account Isn't Verified!

In order to create a playlist on Sporcle, you need to verify the email address you used during registration. Go to your Sporcle Settings to finish the process.

Report this User

Report this user for behavior that violates our Community Guidelines.

Details: